[Event "Sachsen-Anhalt-ch op"]
[Site "Magdeburg"]
[Date "2021.10.30"]
[Round "6"]
[White "Schoenherr, Stijn"]
[Black "Schiffner, Robin"]
[Result "0-1"]
[WhiteElo "1181"]
[BlackElo "1321"]
[PlyCount "84"]
[EventDate "2021.10.28"]
[EventType "swiss"]
[EventRounds "7"]
[EventCountry "GER"]
[SourceTitle "CBM 205 Extra"]
[Source "ChessBase"]
[SourceDate "2022.01.31"]
[SourceVersion "1"]
[SourceVersionDate "2022.01.31"]
[SourceQuality "1"]

1. e4 c5 2. Bc4 d6 3. Nf3 Nf6 4. e5 dxe5 5. Nxe5 e6 6. Bb5+ Nbd7 7. 0-0 Bd6 8. Bxd7+ Bxd7 9. Nxd7 Qxd7 10. d4 cxd4 11. Qxd4 Bxh2+ 12. Kxh2 Qxd4 13. Be3 Qh4+ 14. Kg1 Ng4 15. Bf4 0-0 16. Bg3 Qf6 17. Nc3 Rac8 18. Ne4 Qxb2 19. Bd6 Rfd8 20. Be7 Rd7 21. Bh4 Qxc2 22. Rfe1 Rc4 23. f3 Ne5 24. Bf2 f5 25. Ng5 Nd3 26. Rf1 Nxf2 27. Rxf2 Rd1+ 28. Rxd1 Qxd1+ 29. Kh2 Qd6+ 30. g3 Rd4 31. f4 Rd2 32. Rxd2 Qxd2+ 33. Kg1 Qxa2 34. Nf3 b5 35. Ne5 b4 36. Nc6 b3 37. Nb4 Qd2 38. Nd3 Qxd3 39. Kg2 b2 40. Kh3 b1R 41. Kh4 Rh1+ 42. Kg5 Qxg3# 0-1